| 000 | 00529nam a2200181Ia 4500 | ||
|---|---|---|---|
| 008 | 140429s9999 xx 000 0 und d | ||
| 020 | _a9789719223320 | ||
| 050 |
_aJC 337 _b.P42 2011 |
||
| 100 | _aPerlas, Nicanor | ||
| 245 |
_aMission possible! : _bsow courage; harvest a new world / _cNicanor Perlas. |
||
| 250 | _a1st ed. | ||
| 260 |
_aQuezon City : _bCADI, _cc2011. |
||
| 300 |
_a 361 p. : _c23 cm. |
||
| 500 | _aIncludes bibliographical references and index. | ||
| 521 | _aBSBA | ||
| 942 |
_kLOC _cBK |
||
| 999 |
_c115616 _d115616 |
||